| 000 | 00369nam a2200133Ia 4500 | ||
|---|---|---|---|
| 008 | 220217s9999||||xx |||||||||||||| ||und|| | ||
| 020 | _a9788181285461 | ||
| 082 | _a621.381 SEN | ||
| 100 |
_aSenturia, Stephen, D _98171 |
||
| 245 | 0 | _aMicrosystem design | |
| 260 |
_aSpringar publications _bNew Delhi _c2010 |
||
| 300 |
_aXXVI, 689p. _b595 |
||
| 650 | _aELECTRONICS | ||
| 999 |
_c182895 _d182895 |
||